Physics : (Record no. 53)

MARC details
000 -LEADER
fixed length control field 00970nam a2200301 i 4500
003 - CONTROL NUMBER IDENTIFIER
control field EG-ScBUE
005 - DATE AND TIME OF LATEST TRANSACTION
control field 20250121101903.0
008 - FIXED-LENGTH DATA ELEMENTS--GENERAL INFORMATION
fixed length control field 150817s2005 njua f b 001 0 eng d
020 ## - INTERNATIONAL STANDARD BOOK NUMBER
International Standard Book Number 013191183X
020 ## - INTERNATIONAL STANDARD BOOK NUMBER
International Standard Book Number 9780131911833
040 ## - CATALOGING SOURCE
Original cataloging agency EG-ScBUE
Language of cataloging eng
Description conventions rda
Transcribing agency EG-ScBUE
Modifying agency EG-ScBUE
082 04 - DEWEY DECIMAL CLASSIFICATION NUMBER
Classification number 530
Item number GIA
Edition number 22
100 1# - MAIN ENTRY--PERSONAL NAME
Personal name Giancoli, Douglas C.,
Relator term author.
245 10 - TITLE STATEMENT
Title Physics :
Remainder of title principles with applications /
Statement of responsibility, etc Douglas C. Giancoli .
250 ## - EDITION STATEMENT
Edition statement Sixth edition.
250 ## - EDITION STATEMENT
Edition statement International edition.
264 #1 - PUBLICATION, DISTRIBUTION, ETC. (IMPRINT)
Place of publication, distribution, etc Upper Saddle River :
Name of publisher, distributor, etc Pearson/Prentice Hall,
Date of publication, distribution, etc 2005.
300 ## - PHYSICAL DESCRIPTION
Extent 1 volume (various pagings) :
Other physical details color illustrations ;
Dimensions 29 cm
336 ## - CONTENT TYPE
Source rdacontent
Content type term text
Content type code txt
337 ## - MEDIA TYPE
Media type term unmediated
Source rdamedia
Media type code n
338 ## - CARRIER TYPE
Carrier type term volume
Carrier type code nc
Source rdacarrier
504 ## - BIBLIOGRAPHY, ETC. NOTE
Bibliography, etc Includes bibliographical references and index.<br/>
590 ## - LOCAL NOTE (RLIN)
Local note yassmeen ashraf
650 #7 - SUBJECT ADDED ENTRY--TOPICAL TERM
Topical term or geographic name as entry element Physics.
Source of heading or term BUEsh
653 ## - INDEX TERM--UNCONTROLLED
Resource For college Engineering, General
Arrived date list August2015
655 ## - INDEX TERM--GENRE/FORM
Form subdivision Reading book
942 ## - ADDED ENTRY ELEMENTS (KOHA)
Source of classification or shelving scheme Dewey Decimal Classification
Koha item type Book - Borrowing
Holdings
Withdrawn status Lost status Source of classification or shelving scheme Damaged status Not for loan Collection code Home library Current library Shelving location Date acquired Source of acquisition Total Checkouts Full call number Barcode Date last seen Date checked out Cost, replacement price Price effective from Koha item type Total Renewals
    Dewey Decimal Classification     Baccah Central Library Central Library First floor 05/11/2013 Purchase 4 530 GIA 000004774 15/07/2025 31/05/2014 190.00 13/11/2005 Book - Borrowing  
    Dewey Decimal Classification     Baccah Central Library Central Library First floor 05/11/2013 Purchase   530 GIA 000004773 15/07/2025   190.00   Book - Borrowing  
    Dewey Decimal Classification     Baccah Central Library Central Library First floor 05/11/2013 Purchase   530 GIA 000004772 15/07/2025   190.00 13/11/2005 NB - Book (Non borrowing)  
    Dewey Decimal Classification     Baccah Central Library Central Library First floor 05/11/2013 Purchase   530 GIA 000004771 15/07/2025   190.00 13/11/2005 Book - Borrowing  
            Central Library Central Library First floor 05/11/2013 Purchase   530 GIA 000004770 15/07/2025   190.00 13/11/2005 Book - Borrowing  
    Dewey Decimal Classification       Central Library Central Library First floor 05/11/2013   2 530 GIA 000017232 15/07/2025 29/06/2009 190.00   Book - Borrowing  
    Dewey Decimal Classification       Central Library Central Library First floor 05/11/2013 Purchase   530 GIA 000004768 15/07/2025   190.00   Book - Borrowing  
            Central Library Central Library First floor 05/11/2013 Purchase 2 530 GIA 000004767 15/07/2025 24/01/2012 190.00 13/11/2005 Book - Borrowing 10
            Central Library Central Library First floor 05/11/2013 Purchase   530 GIA 000004766 15/07/2025   190.00 13/11/2005 Book - Borrowing